| 000 | 00560nam a2200181 4500 | ||
|---|---|---|---|
| 999 |
_c163797 _d163797 |
||
| 005 | 20190502114502.0 | ||
| 010 | _aENG-125116 | ||
| 020 | _c140.00 | ||
| 035 | _aEN-108648 | ||
| 037 | _bDBAD/PUB | ||
| 082 | _a230.3 | ||
| 100 | _aVasantha Sai | ||
| 245 |
_aKarmic law remedy / _cby Vasantha Sai |
||
| 260 |
_aMadurai _bSri Vasanthasai Books & Publications _c2009 |
||
| 270 |
_aMukthinilayam, Royapalayam Village B.O. _bTirumangalam, Madurai _e625706 _mmukthinilayan@gmail.com |
||
| 300 |
_a95p. _c22cm(pbk) |
||
| 942 |
_2ddc _cEN _h230.3 _mVAS |
||